Normal view
MARC view
- Sivanagaraju, S. & Devi, L
Entry Personal Name
001 - CONTROL NUMBER
- control field: 98962
003 - CONTROL NUMBER IDENTIFIER
- control field: NUST
005 - DATE AND TIME OF LATEST TRANSACTION
- control field: 20220920180024.0
008 - FIXED-LENGTH DATA ELEMENTS
- fixed length control field: 220920|| aca||aabn | a|a d
040 ## - CATALOGING SOURCE
- Original cataloging agency: NUST
- Transcribing agency: NUST
100 ## - HEADING--PERSONAL NAME
- Personal name: Sivanagaraju, S. & Devi, L
670 ## - SOURCE DATA FOUND
- Source citation: Work cat.: (NUST): Sivanagaraju, S. & Devi, L., Control Systems Engineering \, 2010.
